000 00722nam a2200193 4500
001 112558
003 ES-MaACL
005 20230906185546.0
007 t|
008 061121s1954 sp r ||||1| spa d
100 1 _aNovak, Emil.
_986053
245 1 0 _aGinecología y obstetricia
_b: tratado anatomopatológico /
_cpor Emil Novak; [traducción del inglés y notas por los doctores Manuel Martínez de Victoria Junquera y Baldomero Bueno López].
250 _a[1ª ed. española].
260 _aMadrid :
_bAlhambra,
_c1954.
300 _aXVI, 614 p. :
_bil. ;
_c25 cm.
700 1 _aMartínez de Victoria Juguera, Manuel.
_9144328
700 1 _aBueno López, Baldomero.
_932400
852 _aES-MaACL
_jC-8285
_bR.36456
999 _c112558
_d112558